000 00611nam a2200229Ia 4500
003 OSt
005 20220918214405.0
006 a|||||r|||| 00| 0
007 ta
008 220917b |||||||| |||| 00| 0 eng d
024 _a137,235
037 _cTextual
040 _aARTS
_cARTS
_beng
041 _2eng
_aeng
082 _aYk, M3 (RR)
100 _aMann Michael Ed.
_9131150
245 0 _aMacMillan student enclopedia of sociology
260 _aLondon
_bMacmillan Press
_c1983
650 _aSOCIOLOGY
942 _hYk, M3 (RR)
_cTEXL
_2CC
999 _c260319
_d260319